| LEADER | 01536Cam#a2200337#a#4500 | ||
|---|---|---|---|
| 001 | 026339 | ||
| 003 | AR-BeUNQ | ||
| 005 | 20181204123530.0 | ||
| 008 | 140526s2006||||ag ao ### #001|0#spa#d | ||
| 999 | |c 24248 |d 99635 | ||
| 020 | |a 9509009547 | ||
| 040 | |a AR-BeUNQ |b spa | ||
| 082 | 0 | 4 | |a 708.00982 |2 21 |
| 100 | 1 | |a Baldasarre, María Isabel. | |
| 245 | 1 | 3 | |a Los dueños del arte : |b coleccionismo y consumo cultural en Buenos Aires |c María Isabel Baldasarre. |
| 250 | |a 1a. ed. | ||
| 260 | |a Buenos Aires : |b Edhasa, |c 2006. | ||
| 300 | |a 305 p. : |b il., fot. ; |c 22 cm. | ||
| 490 | 1 | |a Ensayo | |
| 504 | |a Incluye referencias bibliográficas e índice onomástico. | ||
| 505 | 0 | |a Abreviaturas más utilizadas -- Introducción -- La ampliación del consumo artístico en Buenos Aires -- La literatura como testigo de los nuevos consumos -- Las culturas del coleccionismo del arte -- La formación del primer coleccionista artístico -- Coleccionistas de arte moderno -- El mercado de arte en el despuntar del nuevo siglo -- En búsqueda de la trascendencia -- Consideraciones finales | |
| 586 | |a Premio del Régimen de Fomento a la Producción Literaria Nacional y Estímulo a la Industria Editorial, 2004. | ||
| 650 | 7 | |a Arte |2 toit | |
| 650 | 7 | |a Obras de arte |2 spines | |
| 650 | 7 | |a Consumo |2 spines | |
| 650 | 7 | |a Mercado |2 spines | |
| 650 | 7 | |a Historia |2 spines | |
| 651 | 7 | |a Argentina |2 spines | |
| 830 | 0 | |a Ensayo. | |
| 929 | |a DONACION |b Margarita Pierini |d 247,00 |e 20140428 |f PAT0053503 |g 2546 Exp. 827-0387/98 |j 51453 | ||
| 942 | |c LIB |n 0 | ||